TWITTER MEANS BUSINESS HOW MICROBLOGGING (Record no. 15944)
[ view plain ]
| 000 -LEADER | |
|---|---|
| fixed length control field | 00316nam a2200121Ia 4500 |
| 008 - FIXED-LENGTH DATA ELEMENTS--GENERAL INFORMATION | |
| fixed length control field | 240624s9999 xx 000 0 und d |
| 041 ## - LANGUAGE CODE | |
| Language code of text/sound track or separate title | eng |
| 082 ## - DEWEY DECIMAL CLASSIFICATION NUMBER | |
| Classification number | 658.056754 OJE |
| 100 ## - MAIN ENTRY--PERSONAL NAME | |
| Personal name | OJEDA ZAPATA JULIO |
| 245 ## - TITLE STATEMENT | |
| Title | TWITTER MEANS BUSINESS HOW MICROBLOGGING |
| 260 ## - PUBLICATION, DISTRIBUTION, ETC. | |
| Date of publication, distribution, etc. | 2008 |
| Place of publication, distribution, etc. | California |
| Name of publisher, distributor, etc. | Happy About |
| 365 ## - TRADE PRICE | |
| Currency code | RS |
| Withdrawn status | Lost status | Damaged status | Not for loan | Home library | Current library | Shelving location | Date acquired | Source of acquisition | Cost, normal purchase price | Total Holds | Full call number | Barcode | Date last seen | Copy number | Price effective from | Koha item type |
|---|---|---|---|---|---|---|---|---|---|---|---|---|---|---|---|---|
| IMTN | IMTN | Rack 20-B | 11/22/2010 | FK | 754.00 | 32767 | 658.056754 OJE | 15944 | 06/24/2024 | 1 | 06/24/2024 | Books |